00307nam a2200121Ia 4500003000400000008004100004020002500045040000800070100002000078245003700098260004000135300001000175LDD181101s9999 xx 000 0 und d a9788175874800c87.00 cLDD aHasan, Mohammad 0aJadeed urdu adabcMohammad Hasan aNew DelhibMaktaba Jamia Ltd.c2011 a256p.